Physics In Context(the forces of life HSC (Record no. 565910)
[ view plain ]
| 000 -LEADER | |
|---|---|
| fixed length control field | 00365nam a2200121Ia 4500 |
| 008 - FIXED-LENGTH DATA ELEMENTS--GENERAL INFORMATION | |
| fixed length control field | 210430s9999 xx 000 0 und d |
| 082 ## - DEWEY DECIMAL CLASSIFICATION NUMBER | |
| Classification number | 530 Z41P |
| 100 ## - MAIN ENTRY--PERSONAL NAME | |
| Personal name | Zealey,Bill. Wiecek Chris |
| 9 (RLIN) | 54978 |
| 245 ## - TITLE STATEMENT | |
| Title | Physics In Context(the forces of life HSC |
| Statement of responsibility, etc. | Zealey,Bill. Wiecek Chris |
| 260 ## - PUBLICATION, DISTRIBUTION, ETC. | |
| Place of publication, distribution, etc. | New York |
| Name of publisher, distributor, etc. | Oxford university |
| Date of publication, distribution, etc. | 2004 |
| 300 ## - PHYSICAL DESCRIPTION | |
| Extent | 407p. |
| 942 ## - ADDED ENTRY ELEMENTS (KOHA) | |
| Koha item type | Book |
| Source of classification or shelving scheme | |
| Withdrawn status | Lost status | Damaged status | Not for loan | Permanent Location | Current Location | Date acquired | Total Checkouts | Full call number | Barcode | Date last seen | Price effective from | Koha item type |
|---|---|---|---|---|---|---|---|---|---|---|---|---|
| School of Chemical & Materials Engineering (SCME) | School of Chemical & Materials Engineering (SCME) | 09/18/2 | 530 Z41P | SCME- D151 | 04/30/2021 | 04/30/2021 | Book |
